1312 1225 1486 1271 1078 1684 1560 1506 1740 1473 1365 1501 1085 1313 1732 1156 1977 1210 1634 1174 1973 1345 1602 1003 1422 1230 1223 1109 1255 1282 1736 1031 1820 1175 1723 1165 1207 1228 1362 1152 1707 1570 1113 1239 1102 1355 1961 1550 1628 1234 1074 1046 1910 1092 1505 1054 1627 1143 1304 1107 1904 1243 1850 1644 1519 1830 1277 1876 1150 1458 1212 1868 1136 1578 1393 1847 1149 1161 1884 1477 1684 1996 1182 1147 1840 1988 1116 1891 1867 1694 1155 1557 1630 1304 1523 1916 1087 1167 1784 BCNSPRNW ULIB Ver.6.0+V

เปลี่ยนเป็นภาษาไทย

Change to English
 แสดงรายละเอียดบรรณานุกรม
  กลับหน้าหลัก

Brief Record : Get Marc (ISO 2709) : E-mail record : QR code < ปิดหน้าต่าง
LEADER : 00000nam 2200000uu 4500
001    13399120108
003     ULIB
008    020711s2552 th a 000 0 tha d
020    9786160600779
090    นว.^bห111ช
100    เหลียงอิ๋ง^eเขียน
245    ชะตาลวง /^cเหลียงอิ๋ง
260    กรุงเทพฯ :^bแจ่มใส,^c2552
300    194 หน้า
700    เสี่ยวเฟิงหลิง^eแปล
945    ^p149^l0^i026764
999    ^aทศพร
รายการนี้ยังไม่มีแท็ก
คุณยังไม่ได้ล็อกอิน คุณสามารถมีกิจกรรมร่วมกับเว็บไซต์ได้ แต่ต้องล็อกอินก่อน ::
  ล็อกอิน

รายการสื่อสารสนเทศ

ลำดับที่ ประเภท เลขเรียก/บาร์โค้ด สถานที่ สถานะ
1. นวนิยาย
นวนิยาย
นว. ห111ช ฉ.1 
  Barcode: 026764
ห้องสมุดวิทยาเขตสวรรค์ประชารักษ์
►นวนิยาย
บนชั้น
  ขอยืม

BibComment


ยังไม่เคยถูกคอมเมนท์

คอมเมนท์ทรัพยากรรายการนี้
  คอมเมนท์: ชะตาลวง เหลียงอิ๋ง


 Copyright 2026. Bcnsprnw @Library